The bilateral Bergman shift

Αποθηκεύτηκε σε:
Λεπτομέρειες βιβλιογραφικής εγγραφής
Κύριος συγγραφέας: Adams, Gregory T.
Μορφή: Βιβλίο
Γλώσσα:English
Δημοσίευση: Providence, R.I., USA : American Mathematical Society, 1986
Σειρά:Memoirs of the American Mathematical Society ; ; 355
Θέματα:
Ετικέτες: Προσθήκη ετικέτας
Δεν υπάρχουν, Καταχωρήστε ετικέτα πρώτοι!

MARC

LEADER 00000cam a2200000 i 4500
001 1/50657
008 941103s1986 eng d
020 |a 0821824171 
035 |l 10043935 
040 |a GR-MY-UA  |b gre  |e aacr 
041 0 |a eng 
082 0 |a 515.7246  |2 (19) 
100 1 |a Adams, Gregory T. 
245 1 4 |a The bilateral Bergman shift /  |c Gregory T. Adams 
260 |a Providence, R.I., USA :   |b American Mathematical Society,   |c 1986 
300 |a p. cm 
490 1 |a Memoirs of the American Mathematical Society  |v ; 355  |x 0065-9266 
504 |a Bibliography: p 
650 0 0 |a Shift operators (Operator theory) 
650 0 0 |a Toeplitz operators. 
830 0 |a Memoirs of the American Mathematical Society ;  |v ; 355 
852 |a INST  |b SAMOS  |e 19941103  |h 515.7246 ADA  |p 005300004779  |q 005300004779  |t BK  |y 0 
909 |a Σ  |b 033708